MDQL
is popping MORE tags! Check the
thread
!
Quizzes
Events
Quiz Creation
Community
Videos
Private Events
Remove Ads
Sign In
Join for FREE
Feedback
Dark Mode
Quiz Categories
Sports
Geography
Music
Movies
Television
Just For Fun
Miscellaneous
History
Literature
Language
Science
Gaming
Entertainment
Religion
Holiday
For Kids
Quiz Lab
Recent
Popular Today
Quiz Kudos Today
Editor Picks
Curator Picks
Quizzes by...
Day
Popularity
Type
Ratings
Length
Year
Community
Subscriptions
Recent Discussions
Orange Saloon
Badges
Playlists
Quests
Create
Leaderboards
Showdown
Live 5
Trivia Bingo
Activity
Puzzle Library
Sporcle Events
Private Events
Virtual Trivia
Globe League
Become a Host
Pub Owners
SporcleCon
Opinionation
Our Games
Videos
Blog
Mobile Apps
Partnerships
Remove Ads and Go Orange
Feedback
Geography
Country
Landmarks
City
State
Population
World
Capital
Continent
Flags
Europe
Africa
Asia
South America
North America
Oceania
Border
Canada
United Kingdom
Topography
United States
Geography
Country
Landmarks
City
State
Population
World
Capital
Continent
Flags
Europe
Africa
Asia
South America
North America
Oceania
Border
Canada
United Kingdom
Topography
United States
Random Quiz
Search Sporcle
×
Quiz Lab
Quiz Lab
Geography
War
Type in answers that appear in a list
Type in answers that appear in a list
Classic
Best Score? Go Orange.
Former US Air Force Bases Stats
Can you name the deactivated US Air Force installations located near these places?
By
plytzylmyk
10m
50 Questions
66 Plays
66 Plays
66 Plays
Comments
Comments
Give Quiz Kudos
Give Quiz Kudos
-
- Ratings
hide this ad
Random Order
Randomize order of answers
Randomize order of answers
Replay
Link that replays current quiz
Next Quiz
Link to next quiz in quiz playlist
You Got
0%
They Got
Avg Score
36%
Avg Friend Score
Upgrade to see
Score Distribution
Jump to the score distribution portion of the page
Score
0/50
Timer
10:00
0
Plays Today
Location
Installation
% Correct
Blytheville, AR
Eaker AFB
65.2%
Myrtle Beach, SC
Myrtle Beach, AFB
62.1%
Limestone, ME
Loring AFB
57.6%
Fort Worth, TX
Carswell AFB
54.5%
Angeles City, Philippines
Clark AB
54.5%
Victorville, CA
George AFB
53%
Rantoul, IL
Chanute AFB
53%
Atwater (Merced), CA
Castle AFB
51.5%
Austin, TX
Bergstrom AFB
51.5%
Alexandria, LA
England AFB
48.5%
Rome, NY
Griffiss AFB
47%
Denver, CO
Lowry AFB
47%
Sacramento, CA
McClellan AFB
47%
Mesa, AZ
Williams AFB
43.9%
Oscoda, MI
Wurtsmith AFB
43.9%
El Paso, TX
Biggs AFB
43.9%
Kansas City, MO
Richards-Gebaur AFB
42.4%
Marquette, MI
K. I. Sawyer AFB
42.4%
San Bernardino, CA
Norton AFB
42.4%
Frankfurt, FRG
Rhein-Main AB
39.4%
Greenville, SC
Donaldson AFB
37.9%
Lake Charles, LA
Chennault AFB
37.9%
Lubbock, TX
Reese AFB
36.4%
Orlando, FL
McCoy AFB
36.4%
Kinross, MI
Kincheloe AFB
36.4%
Location
Installation
% Correct
Rancho Cordova, CA
Mather AFB
36.4%
Smyrna, TN
Sewart AFB
34.8%
Novato, CA
Hamilton AFB
34.8%
Reno, NV
Stead AFB
33.3%
Sunnyvale, CA
Onizuka AFS
33.3%
Greenville, MS
Greenville AFB
33.3%
Aguadilla, PR
Ramey AFB
31.8%
Roswell, NM
Walker AFB
31.8%
Big Spring, TX
Webb AFB
31.8%
Colorado Springs, CO
Ent AFB
30.3%
Glasgow, MT
Glasgow AFB
28.8%
Everett, WA
Paine AFB
27.3%
Sherman, TX
Perrin AFB
25.8%
Selma, AL
Craig AFB
25.8%
Mobile, AL
Brookley AFB
24.2%
Salina, KS
Schilling AFB
24.2%
Hempstead, NY
Mitchel AFB
24.2%
Moses Lake, WA
Larson AFB
22.7%
Balboa, Panama (CZ)
Howard AFB
22.7%
Waco, TX
James Connally AFB
19.7%
Columbus, IN
Bakalar AFB
18.2%
Wilmington, OH
Clinton County AFB
18.2%
Middletown, PA
Olmsted AFB
13.6%
Athens, Greece
Hellenikon AFB
7.6%
Stephenville, NL, Canada
Ernest Harmon AFB
7.6%
Quiz Playlist
Details
Report
Send in Message
Add To Playlist
Classic:
Type in answers that appear in a list
Random Order:
Randomize order of answers
Last Updated: Feb 16, 2017
Quiz Scoreboard
CHALLENGE
Sign Up to Join the Scoreboard
Show All
Scores
Hide
Comments
May contain spoilers
Recently Published
Colored Red Africa Blitz
by spor1
Geography
30s
Find the 'City' Movie
by crazypaving
Movies
60s
5x2 Blitz: Bands
by SL_Kpop136
Music
30s
More to Explore
Quiz From the Vault
Featured Blog Post
14 Easter Pick-up Lines to Find Eggs With
hide this ad
You Might Also Like...
Tags
War Quiz
Air
Air Force
base
force
Former
Inactive
installation
location
Military
near
place
Today's Top Quizzes in Geography
Browse Geography
hide this ad
Today's Top Quizzes in War
Browse War
Top Contributed Quizzes in Geography
1
Countries of the World - No Outlines Minefield
2
Colored Red Africa Blitz II
3
Colored Red Europe Blitz I
4
Colored Red Europe Blitz II
5
Colored Red Africa Blitz III
6
Colored Red Europe Blitz III
7
Colored Red States Blitz II
8
Country Trivia Logic Puzzle II
9
Colored Red States Blitz I
10
List All 50 US States
Explore More
Trending Topics
Marvel
Kpop
Crossword
Disney
Anime
NBA
Harry Potter
Puzzle
The Office
Soccer
WWE
NFL
Pokémon
Country
Song
hide this ad
More By:
plytzylmyk
Quiz
Plays
Rating
Category
Featured
Created
American Revolution: “Foreign Aiders”
2,065
4.09
History
Mar 29, 2010
Name the Kentucky Counties (Map)
1,756
4.50
Geography
Jun 23, 2013
Almost Famous Hits: 40 #40 45's
1,451
4.30
Music
Dec 13, 2013
254 Counties Of Texas Map Challenge
1,035
3.67
Geography
Jun 25, 2013
US Counties Beginning With 'C'
998
5.00
Geography
Apr 7, 2013
Go to Creator's Profile
Score Distribution
Quiz Creator Spotlight
plytzylmyk
Follow
Send a Message
Quizzes Created
-
Created Quiz Play Count
-
More By This Creator
Popular Quizzes Today
1
5x2 Blitz: Bands
2
Find the 'City' Movie
3
Colored Red Africa Blitz
4
Find the US States - No Outlines Minefield
5
The Countries of the World
6
Find the US States
7
9x9 Crossword: Cartoon Network
8
US States
More Geography Quizzes
Top US Cities by 'M' States
Published
Trending Quizzes
Colored Red Africa Blitz II
Colored Red Europe Blitz I
Christmas Pick: Judaism
Colored Red Africa Blitz III
Colored Red Europe Blitz II
Recently Updated
Champions League XIs: Real Madrid
pecheneg
Largest US Cities 1790-2010
pecheneg
Rides in Walt Disney World
pecheneg
Most Oscar Losses (Acting)
pecheneg
Beyoncé Albums
pecheneg
Leaping Animals
pecheneg
Reality TV Shows (A-Z)
bhenderson79
Rickey Henderson's Hall of Fame Teammates
pecheneg
Champions League XIs: Arsenal
pecheneg
Quick Pick: Celebrities in WWE's Hall of Fame
aduchscher
Trending Topics
Anime
NBA
Marvel
Harry Potter
Kpop
Disney
Crossword
Country
WWE
Pokémon
NFL
Puzzle
Song
Soccer
The Office
Your Account Isn't Verified!
In order to create a playlist on Sporcle, you need to verify the email address you used during registration. Go to your
Sporcle Settings
to finish the process.
Report this User
Report this user for behavior that violates our
Community Guidelines
.
Details:
Send Report
Go to the Sporcle.com Mobile Site →
Comments